000 nkm a22 a 4500
999 _c399305
_d399305
003 BLK
005 20221202103423.0
008 210226b bu ||||| |||| 00| 0 bu d
040 _aBLK
041 _aBUL
_cBUL
080 _aОрганизация на труда. Вж и 651 ; 658
_b331.103
_x(497.2-664)(084.2)
_z331.103(497.2-664)(084.2)
139 _aСоциалистическа организация на труда в транспорта [Изобразителен материал]
245 _aСоциалистическа организация на труда в транспорта [Изобразителен материал]
_bнагледно пособие
_cД. Шопов и др. ; ред. Маргарита Савова
_h
260 _9210539
_aСофия
_bСептември
_c1980
_n954-406-
300 _a1 папка (30 отд. цв. л. табл., диагр.) ;
_c41 х 31 см
380 _a3
650 0 _9428224
_aПрозводителност на труда – промишленост
653 7 _9192915
_aорганизация на труда
653 7 _9198586
_aтранспорт
700 _aШопов, Димитър Атанасов
_9246097
852 _aЦб ІІІ 149
_bЦб
942 _2udc
_cGRA
_n0
_s1
944 _aCR
_c2021-02-26
_kГГГ